Genética; un estudio de los principios de la herencia /
Guardado en:
| Autor Principal: | |
|---|---|
| Formato: | Libro |
| Publicado: |
Buenos Aires :
Compañía Editorial Continental,
1977
|
| Series: | Inicial de cambios genéticos.-Herencia citoplasmática.-Génetica de las poblaciónes y evolución.-Genética del desarrollo y del comportamiento.
|
| Materias: | |
| Etiquetas: |
Agregar Etiqueta
Sin Etiquetas, Sea el primero en etiquetar este registro!
|
| LEADER | 00795nam a22002175a 4500 | ||
|---|---|---|---|
| 001 | CEM.cems016240 | ||
| 008 | 130507s1977##################000#0#####d | ||
| 005 | 20210920144318.0 | ||
| 003 | CEMS | ||
| 245 | 1 | 0 | |a Genética; un estudio de los principios de la herencia / |c A. M. Winchester, |
| 260 | |a Buenos Aires : |b Compañía Editorial Continental, |c 1977 | ||
| 300 | |a 576 p. | ||
| 490 | 1 | |a Inicial de cambios genéticos.-Herencia citoplasmática.-Génetica de las poblaciónes y evolución.-Genética del desarrollo y del comportamiento. | |
| 100 | 1 | |a Winchester, A M | |
| 082 | 0 | 4 | |a 575.1 |
| 653 | |a Eugenesis | ||
| 653 | |a Genes defectuosos | ||
| 653 | |a Genetica y enfermedad | ||
| 653 | |a Genetica | ||
| 653 | |a Sexo-determinacion del | ||
| 859 | |a CEMS |b BIB. CEMS - Agricultura |h 575.1 |i W721 |p A11508.82 |t Ej.1 | ||
